000
00323nam a2200121Ia 4500
008
220217s9999 xx 000 0 und d
245
0
_a
Specification for rubber rollers for offset printing.
260
_c
1985
500
_a
Standard number: IS 11356
650
_a
Offset printing
650
_a
Rubber rollers
942
_c
ST
999
_c
73436
_d
73436